<?xml version="1.0" encoding="UTF-8"?>
<record
    xmlns:xsi="http://www.w3.org/2001/XMLSchema-instance"
    xsi:schemaLocation="http://www.loc.gov/MARC21/slim http://www.loc.gov/standards/marcxml/schema/MARC21slim.xsd"
    xmlns="http://www.loc.gov/MARC21/slim">

  <leader>00822cam a22002531i 4500</leader>
  <controlfield tag="001">sa 68010787 </controlfield>
  <controlfield tag="003">DLC</controlfield>
  <controlfield tag="005">20260227112555.0</controlfield>
  <controlfield tag="008">860508s1967    ii ac    b    000 0bhin  </controlfield>
  <datafield tag="010" ind1=" " ind2=" ">
    <subfield code="a">sa 68010787 </subfield>
  </datafield>
  <datafield tag="035" ind1=" " ind2=" ">
    <subfield code="a">(OCoLC)13544823</subfield>
  </datafield>
  <datafield tag="040" ind1=" " ind2=" ">
    <subfield code="a">DLC</subfield>
    <subfield code="c">NcD</subfield>
    <subfield code="d">NcD</subfield>
    <subfield code="d">DLC</subfield>
  </datafield>
  <datafield tag="042" ind1=" " ind2=" ">
    <subfield code="a">premarc</subfield>
  </datafield>
  <datafield tag="050" ind1="0" ind2="0">
    <subfield code="a">LA2385.N28</subfield>
    <subfield code="b">B47</subfield>
  </datafield>
  <datafield tag="100" ind1="1" ind2=" ">
    <subfield code="a">Bhave, Savita R.,</subfield>
    <subfield code="d">1933-</subfield>
  </datafield>
  <datafield tag="245" ind1="1" ind2="0">
    <subfield code="a">N&#x101;n&#x101;, eka &#x15B;ilpak&#x101;ra;</subfield>
    <subfield code="b">N&#x101;. Ga. N&#x101;ra&#x1E37;akara vividha dar&#x15B;ana./</subfield>
    <subfield code="c">lekhaka Savit&#x101; Ra. Bh&#x101;ve.</subfield>
  </datafield>
  <datafield tag="250" ind1=" " ind2=" ">
    <subfield code="a">1. &#x101;vr&#x325;tt&#x12B;.</subfield>
  </datafield>
  <datafield tag="260" ind1=" " ind2=" ">
    <subfield code="a">Pu&#x1E47;e :</subfield>
    <subfield code="b">Vi&#x15B;vakarm&#x101; S&#x101;hity&#x101;laya,</subfield>
    <subfield code="c">1967.</subfield>
  </datafield>
  <datafield tag="300" ind1=" " ind2=" ">
    <subfield code="a">10, 383 p. :</subfield>
    <subfield code="b">ill., ports. ;</subfield>
    <subfield code="c">22 cm.</subfield>
  </datafield>
  <datafield tag="500" ind1=" " ind2=" ">
    <subfield code="a">In Marathi.</subfield>
  </datafield>
  <datafield tag="504" ind1=" " ind2=" ">
    <subfield code="a">Includes bibliographical references.</subfield>
  </datafield>
  <datafield tag="600" ind1="1" ind2="0">
    <subfield code="a">Naralkar, Narayan Ganesh,</subfield>
    <subfield code="d">1892-1966.</subfield>
  </datafield>
  <datafield tag="650" ind1=" " ind2="0">
    <subfield code="a">Educators</subfield>
    <subfield code="z">India</subfield>
    <subfield code="z">Maharashtra</subfield>
    <subfield code="v">Biography.</subfield>
  </datafield>
  <datafield tag="999" ind1=" " ind2=" ">
    <subfield code="c">83545</subfield>
    <subfield code="d">83545</subfield>
  </datafield>
</record>
